| 000 | 00774nam a2200181 a 4500 | ||
|---|---|---|---|
| 001 | 000040793 | ||
| 005 | 20201002034401.0 | ||
| 008 | 130906s2005 sp a 000 0 spa d | ||
| 020 | _a8484892220 | ||
| 040 |
_aDO-SdBNP _bspa _cBNPHU |
||
| 245 | 0 | 0 |
_aRelatos de nación : _bla construcción de las identidades nacionales en el mundo hispánico / _ceditor Francisco Colom González. |
| 260 |
_aMadrid : _bIberoamericana : _bInstituto de Filosofía, Consejo Superior de Investigaciones Sientíficas, _c2005. |
||
| 300 |
_a2 v. ; _c23 cm. |
||
| 500 | _aIncluye referencias bibliográficas y notas al pie de las páginas | ||
| 504 | _abibliografías. | ||
| 700 | 1 |
_aColom González, Francisco _eed. _d1961- _967214 |
|
| 710 | 2 |
_aConsejo Superior de Investigaciones Sientíficas _967215 |
|
| 999 |
_c40283 _d40283 |
||